000 00515cam a22001457a 4500
008 180718b1993 xxu||||| |||| 00| 0 eng d
082 _aBA27x54 D165
100 _aWashbrook, David
245 _aLand and labour in late eighteenth-century South India: the golden age of the Pariah?
_cby David Washbrook
260 _aDelhi
_bOxford
_c1993
300 _ap.68-86
500 _a[In] Dalit movements and the meanings of labour in India, edited by Peter Robb
650 _aLabour - India, South
650 _aLand - India
999 _c364687
_d364687